[Event "Wch U10"]
[Site "Montesilvano"]
[Date "2024.11.25"]
[Round "10"]
[White "Guntaka, Aayansh R"]
[Black "Tugsbilguun, Dagvanamdag"]
[Result "0-1"]
[WhiteElo "1798"]
[BlackElo "1660"]
[PlyCount "68"]
[EventDate "2024.11.15"]
[EventType "swiss"]
[EventRounds "11"]
[EventCountry "ITA"]
[SourceTitle "CB48_2024"]
[SourceDate "2024.11.28"]
[SourceVersion "1"]
[SourceVersionDate "2024.11.28"]
[SourceQuality "1"]

1. e4 c5 2. Nf3 d6 3. d4 cxd4 4. Nxd4 Nf6 5. Nc3 a6 6. Rg1 b5 7. g4 Bb7 8. Bg2 e6 9. a3 Nfd7 10. g5 Nb6 11. h4 N8d7 12. h5 Qe7 13. g6 hxg6 14. hxg6 0-0-0 15. a4 bxa4 16. Nxa4 Nxa4 17. Rxa4 Nc5 18. Rc4 Kb8 19. b4 Nxe4 20. Bxe4 Bxe4 21. Qe2 Bb7 22. Nc6+ Bxc6 23. Rxc6 Qb7 24. Rxa6 Rh1 25. Kf1 Be7 26. Be3 Rdh8 27. f3 R8h2 28. Bf2 Qxb4 29. Ra8+ Kc7 30. Qd3 Qb1+ 31. Be1 Qxe1+ 32. Kxe1 Rxg1+ 33. Qf1 Bh4+ 34. Kd1 Rxf1# 0-1

[Event "Wch U10"]
[Site "Montesilvano"]
[Date "2024.11.19"]
[Round "5"]
[White "Zabelin, Platon"]
[Black "Tugsbilguun, Dagvanamdag"]
[Result "1-0"]
[WhiteElo "1870"]
[BlackElo "1660"]
[PlyCount "67"]
[EventDate "2024.11.15"]
[EventType "swiss"]
[EventRounds "11"]
[EventCountry "ITA"]
[SourceTitle "CB48_2024"]
[SourceDate "2024.11.28"]
[SourceVersion "1"]
[SourceVersionDate "2024.11.28"]
[SourceQuality "1"]

1. d4 e6 2. c4 f5 3. Nc3 Nf6 4. Nf3 Bb4 5. Bd2 b6 6. g3 Bb7 7. Bg2 0-0 8. 0-0 d6 9. Re1 Bxc3 10. bxc3 Qe7 11. Bc1 Nbd7 12. Ng5 Bxg2 13. Kxg2 h6 14. Nf3 Ne4 15. Qc2 c5 16. Nd2 Ndf6 17. f3 Nxd2 18. Bxd2 Rac8 19. Qd3 Rc7 20. d5 exd5 21. cxd5 c4 22. Qxf5 Rc5 23. e4 Nd7 24. Qe6+ Qxe6 25. dxe6 Ne5 26. f4 Nd3 27. Re2 g6 28. Rf1 Rf6 29. f5 Re5 30. g4 gxf5 31. gxf5 d5 32. Bf4 Rxe4 33. Rxe4 dxe4 34. Be3 1-0